Beginning ASP.NET 2.0 databases beta preview

Bibliographic Details
Main Authors: Kauffman, John 1958- (Author), Thangarathinam, Thiru (Author)
Format: Book
Published: Indianapolis Wiley Publishing c2005
Subjects:

MARC

LEADER 00000cam a2200000 7i4500
001 0000000838
008 021118s2005
020 |a 0764570811 
090 0 0 |a TK5105.888  |b .K38 2005 
100 0 |a Kauffman, John  |d 1958-  |e author 
245 1 0 |a Beginning ASP.NET 2.0 databases  |b beta preview  |c John Kauffmann with Thiru Thangarathinam 
260 2 |a Indianapolis  |b Wiley Publishing  |c c2005 
300 |a xxiii, 404 p.  |b ill.  |c 24 cm 
650 0 |a Internet programming 
650 0 |a Web servers  |x Computer programs 
650 0 |a Web sites  |x Design 
700 1 |a Thangarathinam, Thiru  |e author 
999 |a 1000105204  |b Book  |c OPEN SHELF (30 DAYS)  |e Tembila Campus